[Event "RUS-chT Premier League 2018"]
[Site "Sochi"]
[Date "2018.05.08"]
[Round "7"]
[White "Sarana, Alexey"]
[Black "Khismatullin, Denis"]
[Result "1/2-1/2"]
[WhiteElo "2587"]
[BlackElo "2632"]
[Annotator "TA"]
[PlyCount "111"]
[EventDate "2018.??.??"]
[EventCountry "RUS"]
[SourceTitle "playchess.com"]
[Source "ChessBase"]
[SourceQuality "1"]

{[%evp 13,111,40,42,37,33,36,58,29,31,35,25,30,33,34,63,51,96,65,99,68,79,72,59,52,48,2,50,18,34,23,43,46,43,50,50,44,56,43,62,42,54,14,25,22,33,4,45,48,43,8,6,6,10,6,18,16,18,18,18,16,15,15,18,8,8,8,14,14,18,13,20,21,21,14,14,14,14,14,16,17,14,8,13,0,0,0,0,0,0,0,0,0,0,0,0,0,0,0,0,0]} 1. e4 d6 2. d4 Nf6 3. Nc3 e5 4. dxe5 dxe5 5. Qxd8+ Kxd8 6. Bc4 Ke8 {B07: Pirc Defence: Miscellaneous Systems} 7. f4 Bb4 {LiveBook: 7 Games} 8. Bd3 Nc6 {White is slightly better.} 9. Nf3 Bg4 10. fxe5 Nd7 11. Bf4 Bxf3 12. gxf3 Ncxe5 13. Be2 f6 $146 ({Predecessor:} 13... c6 14. O-O-O {½-½ (37) Bok,B (2592)-Kuipers,S (2404) Netherlands 2017}) 14. Bd2 Ng6 15. h4 {[%cal Bh2h4,Bh4h5][%mdl 32]} Bd6 16. h5 Nf4 17. Bf1 c6 18. O-O-O Ke7 19. Be3 Bc7 20. Rh4 Ne6 21. Bc4 Ne5 22. Bxe6 $1 Kxe6 23. f4 Nc4 24. f5+ Ke7 25. Bc5+ Ke8 26. Ne2 Bb6 27. b4 Ne5 28. Nf4 Kf7 29. Ne6 (29. Rh3 {feels hotter.} Bxc5 30. bxc5 Rad8 31. Rg1 Rd7 32. Ne6) 29... g5 (29... Bxc5 {looks sharper.} 30. bxc5 g5 31. hxg6+ hxg6 32. Rdh1 Rxh4 33. Rxh4 Kg8) 30. hxg6+ hxg6 31. Rxh8 (31. Rdh1 {is interesting.} Rxh4 32. Rxh4 gxf5 33. exf5 Bxc5 34. Rh7+) 31... Rxh8 {The position is equal.} 32. Bxb6 axb6 $14 {[%mdl 4096] Endgame KRN-KRN} 33. Nd8+ $1 Kg7 34. fxg6 Rh4 35. Rd4 Kxg6 36. Nxb7 Nf3 37. Rd3 Ne5 38. Rg3+ Kf7 39. a4 Nc4 {[#] ( -> ...Rh1+)} 40. Kb1 Rxe4 41. a5 bxa5 42. bxa5 {And now a6 would win.} Re8 43. a6 {[#] aiming for Rc3.} Ra8 44. Nc5 Ke7 45. Rd3 Nb6 46. Kb2 f5 {[%cal Bf6f5,Bf5f4,Bf4f3,Bf3f2][%mdl 32]} 47. Kb3 f4 48. c4 Rf8 49. Kb4 f3 {Strongly threatening ...f2.} 50. Re3+ Kd6 {White must now prevent ...f2.} 51. Re6+ Kc7 52. Re7+ Kd8 53. Rb7 f2 54. Ne6+ Kc8 55. Rc7+ Kb8 56. Rb7+ {Precision: White = 76%, Black = 57%.} 1/2-1/2

[Event "RUS-chT Premier League 2018"]
[Site "Sochi"]
[Date "2018.05.08"]
[Round "7"]
[White "Potkin, Vladimir"]
[Black "Ponkratov, Pavel"]
[Result "1/2-1/2"]
[WhiteElo "2574"]
[BlackElo "2601"]
[Annotator "TA"]
[PlyCount "54"]
[EventDate "2018.??.??"]
[EventCountry "RUS"]
[SourceTitle "playchess.com"]
[Source "ChessBase"]
[SourceQuality "1"]

{[%evp 20,54,19,19,19,8,8,0,2,-12,0,0,0,-6,0,0,0,-10,-10,-10,-10,-11,-10,-30,0,0,0,0,0,0,23,0,0,0,0,0,0]} 1. c4 c5 2. Nf3 Nf6 3. Nc3 e6 4. e3 Nc6 5. d4 d5 6. a3 dxc4 7. Bxc4 a6 8. O-O b5 9. Ba2 Bb7 10. Qe2 cxd4 {D40: Queen's Gambit Declined: Semi-Tarrasch with 5 e3} (10... Qc7 11. Bd2 Be7 12. Rac1 c4 13. e4 Rd8 14. Be3 Ng4 15. e5 Na5 16. Bf4 Qb6 17. Rcd1 h5 18. h3 {½-½ (96) Ding,L (2769)-Grischuk,A (2767) Berlin 2018}) 11. Rd1 {[%cal Re3d4] LiveBook: 3 Games} b4 12. axb4 Nxb4 13. Nxd4 $146 ({Predecessor:} 13. Rxd4 Qc7 14. Bb3 Be7 15. Ba4+ Kf8 {1-0 (30) Barus,C (2410)-Mahmud,S (2365) Jakarta 1996}) 13... Nxa2 14. Rxa2 {Hoping for Nxe6!} Qc7 15. e4 Bd6 16. Nf3 {[#] Black must now prevent e5.} Be7 17. Ra4 Rc8 18. e5 Nd5 19. Rg4 $1 Nxc3 20. bxc3 Qxc3 21. Be3 ({Don't go for} 21. Rxg7 $2 Qxc1 22. h3 (22. Rxc1 $2 Rxc1+ 23. Ne1 Bb4 $19) 22... Qc2 $19) 21... g6 (21... Bxf3 $5 22. Qxf3 g6 $11) 22. Bh6 $1 Bf8 23. Bg5 Be7 24. Bh6 $1 Qc2 25. Qe1 Qc3 {The position is equal.} 26. Qe2 Bf8 27. Bg5 Be7 $1 {Precision: White = 67%, Black = 75%.} 1/2-1/2

[Event "RUS-chT Premier League 2018"]
[Site "Sochi"]
[Date "2018.05.08"]
[Round "7"]
[White "Goganov, Aleksey"]
[Black "Vdovin, Maxim"]
[Result "1-0"]
[WhiteElo "2572"]
[BlackElo "2139"]
[Annotator "TA"]
[PlyCount "63"]
[EventDate "2018.??.??"]
[EventCountry "RUS"]
[SourceTitle "playchess.com"]
[Source "ChessBase"]
[SourceQuality "1"]

{[%evp 22,63,31,11,54,11,14,15,63,65,108,104,122,106,133,69,53,20,91,60,65,67,203,211,279,288,283,277,275,239,637,652,649,643,706,700,741,714,687,522,900,639,631,631]} 1. d4 Nf6 2. c4 e6 3. Nf3 b6 4. g3 Bb7 5. Bg2 Be7 6. O-O O-O 7. Nc3 Ne4 8. Bd2 d6 9. d5 Nxc3 10. Bxc3 e5 11. b4 {E18: Queen's Indian: Old Main Line (4 g3 Bb7 5 Bg2 Be7 6 0-0 0-0 7 Nc3)} Nd7 12. e4 {LiveBook: 6 Games} a5 $146 ({Predecessor:} 12... g6 13. Qc2 Bf6 14. Ne1 Bg7 15. Nd3 f5 16. f4 fxe4 17. Bxe4 Qe7 18. Rae1 Rf7 {1-0 (33) Can,E (2567)-Yildiz,B (2331) Graz 2017}) 13. a3 {White is slightly better.} axb4 14. axb4 Ba6 15. Qe2 Qc8 16. Bh3 Rd8 17. Ra2 Bb7 {[#]} 18. Rfa1 (18. Bxe5 $1 $16 {Strongly threatening Rxa8.} Rxa2 19. Qxa2) 18... Rxa2 $14 19. Qxa2 c5 (19... c6 $1 $11 {remains equal.}) 20. Qa4 Qc7 21. Qb5 $36 {[%mdl 2048] White has good play.} Nf6 ({Better is} 21... cxb4 $14 22. Bxb4 (22. Qxb4 Nc5 $11) 22... Nf6) 22. bxc5 $18 Qxc5 23. Qxc5 bxc5 24. Ra7 Rb8 {[#]} 25. Nxe5 $1 {[%mdl 512]} Nxe4 $2 (25... dxe5 26. Bxe5 Re8 27. Rxb7 Nxe4 28. Rxe7 Rxe7) 26. Nc6 {White is clearly winning.} Bxc6 27. dxc6 Re8 28. Ba5 d5 29. c7 Nd6 30. cxd5 c4 31. c8=Q Nxc8 32. Bxc8 {Precision: White = 38%, Black = 10%.} 1-0

[Event "RUS-chT Premier League 2018"]
[Site "Sochi"]
[Date "2018.05.08"]
[Round "7"]
[White "Lomasov, Semen"]
[Black "Frolov, Ivan"]
[Result "0-1"]
[WhiteElo "2559"]
[BlackElo "2243"]
[Annotator "TA"]
[PlyCount "90"]
[EventDate "2018.??.??"]
[EventCountry "RUS"]
[SourceTitle "playchess.com"]
[Source "ChessBase"]
[SourceQuality "1"]

{[%evp 15,90,32,37,13,20,34,25,13,14,10,16,15,4,-30,-44,-47,-47,-52,-42,-68,-65,-56,-44,-58,-50,-47,-53,-86,-86,-93,-62,-52,-55,-42,-54,-102,-96,-164,-179,-168,-175,-454,-454,-414,-409,-444,-450,-426,-446,-430,-411,-418,-398,-289,-246,-446,-400,-457,-414,-421,-408,-602,-595,-1024,-1023,-1181,-1170,-1455,-1409,-1696,-1642,-1385,-923,-2749,-2687,-29974,-10170]} 1. d4 Nf6 2. c4 e6 3. g3 Bb4+ 4. Bd2 Bxd2+ 5. Qxd2 d5 6. Bg2 O-O 7. Nf3 c6 {E11: Bogo-Indian} 8. O-O dxc4 {LiveBook: 3 Games} 9. a4 $146 ({Predecessor:} 9. Ne5 b5 10. b3 cxb3 11. Nxc6 Nxc6 12. Bxc6 b2 13. Qxb2 Rb8 14. Rc1 Qb6 15. Nd2 {½-½ (27) Markus,R (2622)-Grachev,B (2676) Kragujevac 2013}) 9... b5 {The position is equal.} 10. axb5 cxb5 11. Nc3 {Black must now prevent Ne5.} Qb6 12. Qg5 Nd5 13. Nxd5 exd5 14. Nh4 a5 15. Bxd5 Ra7 16. Rfd1 a4 17. Nf5 Bxf5 $1 18. Qxf5 Nd7 19. Qf3 g6 20. h4 h5 21. e3 Kg7 22. Kg2 Qd6 23. Bc6 $1 {[%cal Rc6b5]} Rb8 24. Bxd7 Qxd7 25. Qe2 Qd5+ 26. e4 (26. Qf3 $17 Qxf3+ 27. Kxf3) 26... Re8 $19 27. f3 {[#]} f5 $1 {[%cal Rf5e4]} 28. Re1 $2 (28. e5 {was the only defense.} b4 29. Qd2) 28... fxe4 29. fxe4 Rae7 {[%cal Re7e4]} 30. exd5 Rxe2+ 31. Rxe2 Rxe2+ {[%mdl 4096] Endgame KR-KR} 32. Kf3 Rd2 33. Ke3 {[#]} Rd3+ $1 (33... Rxb2 34. Rf1 $11) 34. Ke4 {aiming for Rf1.} Kf6 ({Stronger than} 34... Rxg3 35. Rf1 $16) 35. Rf1+ $2 (35. Rg1) 35... Ke7 36. d6+ Kxd6 37. Rf6+ Ke7 38. Rb6 (38. Rxg6 $142 Rd2 39. d5) 38... Rb3 39. Ke5 {and the idea Rb7+ leaves White hopeful.} Rxb2 40. Rb7+ Ke8 41. d5 a3 {[%cal Ba4a3,Ba3a2][%mdl 32]} 42. d6 a2 43. Ra7 b4 {Hoping for ...Re2+.} 44. Kd5 c3 45. Ra5 Rd2+ {Precision: White = 37%, Black = 100%.} 0-1

[Event "RUS-chT Premier League 2018"]
[Site "Sochi"]
[Date "2018.05.08"]
[Round "7"]
[White "Stupak, Kirill"]
[Black "Drygalov, Andrey"]
[Result "1/2-1/2"]
[WhiteElo "2556"]
[BlackElo "2431"]
[Annotator "TA"]
[PlyCount "59"]
[EventDate "2018.??.??"]
[EventCountry "RUS"]
[SourceTitle "playchess.com"]
[Source "ChessBase"]
[SourceQuality "1"]

{[%evp 18,59,0,-1,-11,-58,-57,-41,-41,-49,-45,-57,0,-13,-10,-68,-71,-79,-73,-56,-57,-82,-78,-85,-87,-98,0,-9,0,-46,-29,-37,0,-92,-79,-76,-33,-32,0,-122,0,-33,0,-91]} 1. d4 Nf6 2. c4 e6 3. g3 Bb4+ 4. Nc3 O-O 5. Bg2 d5 6. a3 {E20: Nimzo-Indian: 4 g3 and 4 f3} Bxc3+ 7. bxc3 dxc4 8. Qa4 Bd7 9. Qxc4 Bc6 10. f3 {LiveBook: 8 Games} Nbd7 {[%cal Bb8d7,Bd7b6,Bb6a4][%mdl 32]} 11. a4 $146 ({Predecessor:} 11. e4 a6 12. a4 a5 13. Qb3 Nb6 {1-0 (37) Nakamura,H (2793)-Perez Ponsa,F (2577) chess.com INT 2017}) 11... a5 12. e4 Nb6 13. Qd3 Nxa4 14. c4 {[#]} e5 $1 {[%mdl 512]} 15. d5 (15. dxe5 Qxd3) 15... Bd7 16. Qc2 (16. Ne2 $11) 16... Nc5 $15 17. Ba3 {[#]} b6 $1 {[%cal Bb7b6,Bb6c5][%mdl 32]} 18. Ne2 c6 19. Bxc5 bxc5 20. O-O cxd5 21. cxd5 Bb5 (21... Qc7 $17) 22. Rfc1 Ne8 23. Bf1 Nd6 24. Qxc5 f5 25. Qe3 (25. exf5 $11 {keeps the balance.} Rc8 26. Qa7) 25... fxe4 $17 26. fxe4 Nc4 27. Qc5 Nd6 (27... Ba6 $15) 28. Qe3 $1 {[#]} Nc4 (28... a4 $1 $17 29. Bg2 Bc4) 29. Qc5 $15 Nd6 (29... Ba6 $15) 30. Qe3 $1 {Precision: White = 41%, Black = 53%.} 1/2-1/2

[Event "RUS-chT Premier League 2018"]
[Site "Sochi"]
[Date "2018.05.08"]
[Round "7"]
[White "Iljin, Artem"]
[Black "Riazantsev, Alexander"]
[Result "1/2-1/2"]
[WhiteElo "2528"]
[BlackElo "2662"]
[Annotator "TA"]
[PlyCount "65"]
[EventDate "2018.??.??"]
[EventCountry "RUS"]
[SourceTitle "playchess.com"]
[Source "ChessBase"]
[SourceQuality "1"]

{[%evp 9,65,17,24,0,0,0,8,0,1,-10,-7,-4,0,-20,0,-20,0,0,0,-16,0,7,17,0,27,0,53,56,65,66,82,71,88,36,48,26,35,25,27,32,37,30,41,38,43,13,11,17,71,56,192,153,204,0,0,0,195,0]} 1. c4 e6 2. g3 d5 3. Bg2 d4 4. Nf3 c5 (4... Nf6 5. O-O c5 6. e3 Nc6 7. exd4 cxd4 8. d3 Be7 9. Re1 O-O 10. Na3 Ne8 11. Nc2 f6 12. b4 Bxb4 13. Nxb4 Nxb4 14. Qb3 Nc6 15. Ba3 Rf7 16. c5 {0-1 (51) Ding,L (2777)-Korobov,A (2652) Huaian 2017}) 5. O-O Ne7 6. d3 {A13: English Opening: 1...e6} Nec6 7. e3 Be7 8. Na3 $146 {The position is equal.} ({Predecessor:} 8. exd4 cxd4 9. Na3 O-O 10. Nc2 a5 11. Qe2 Re8 12. Ne5 {0-1 (67) Hauge,L (2282)-Hambleton,A (2509) Oslo 2013}) 8... O-O 9. Nc2 a5 10. Re1 Na6 11. Rb1 Re8 12. b3 Bf8 13. exd4 cxd4 14. Ne5 Nxe5 15. Rxe5 f6 16. Re1 e5 17. a3 {[%cal Ba2a3,Ba3b4][%mdl 32]} Nc5 (17... Bf5 $11) 18. b4 $14 axb4 19. axb4 Na4 {[#] And now ...Nc3 would win.} 20. Bd2 $1 Kh8 21. Qh5 (21. Ra1 $16) 21... g6 22. Qf3 Rb8 23. Ra1 Bd7 24. Qe2 b5 {next ...bxc4 is good for Black.} 25. c5 $36 {[%mdl 2048] White fights for an advantage.} Qc8 26. f4 {[%cal Rf4e5]} Bg7 27. fxe5 fxe5 28. Na3 e4 (28... Re6 $11) 29. Bxe4 Bg4 {[#]} ({Better is} 29... Nc3 $14 30. Bxc3 dxc3) 30. Qg2 $1 $18 {Hoping for Bf4.} Bh3 31. Qe2 $2 (31. Qf3 $18) 31... Bg4 $1 $11 {[%cal Rg4e2]} 32. Qg2 $2 (32. Qf2 $11 Rf8 33. Qg2) 32... Bh3 $1 $18 {[%cal Rh3g2]} 33. Qe2 $2 {Precision: White = 42%, Black = 50%.} ({White should play} 33. Qf3 $18) 1/2-1/2

[Event "RUS-chT Premier League 2018"]
[Site "Sochi"]
[Date "2018.05.08"]
[Round "7"]
[White "Tsydypov, Zhamsaran"]
[Black "Iljiushenok, Ilia"]
[Result "1-0"]
[WhiteElo "2525"]
[BlackElo "2516"]
[Annotator "TA"]
[PlyCount "117"]
[EventDate "2018.??.??"]
[EventCountry "RUS"]
[SourceTitle "playchess.com"]
[Source "ChessBase"]
[SourceQuality "1"]

{[%evp 12,117,31,5,4,16,15,17,10,6,24,7,7,0,8,18,40,33,101,110,101,101,101,105,102,98,110,102,108,92,87,87,86,79,83,73,69,64,102,81,103,108,99,83,106,64,102,70,164,163,167,152,197,93,94,0,197,189,186,188,195,102,100,83,82,93,89,59,150,167,175,152,218,218,218,211,195,104,399,412,405,418,287,414,406,410,413,387,390,386,342,0,380,348,1134,218,901,890,29974,29975,29987,29988,29989,29990,29990,29991,29991,29992]} 1. e4 c5 2. Nf3 e6 3. d4 cxd4 4. Nxd4 Nc6 5. Nc3 Qc7 6. Qd3 {B47: Sicilian: Taimanov: 5 Nc3 Qc7 6 f4, 6 g3 and 6 Be2} (6. Be3 a6 7. Qf3 Nf6 8. O-O-O Ne5 9. Qg3 b5 10. a3 Bb7 11. Bxb5 Rc8 12. Ba4 Nxe4 13. Nxe4 Bxe4 14. Bf4 Qc4 15. Bxe5 Qxa4 {1-0 (38) Vachier Lagrave,M (2789)-Anand,V (2776) Karlsruhe/Baden-Baden 2018}) 6... Nf6 {[%cal Bg8f6,Bf6d7,Bd7c5][%mdl 32]} 7. Nxc6 {LiveBook: 4 Games} (7. Ndb5 {looks sharper.} Qb8 8. Qg3 d6 9. Be3 a6 10. Nd4) 7... bxc6 8. Qg3 {The position is equal.} Qxg3 9. hxg3 d5 10. Bd3 Rb8 $146 ({Predecessor:} 10... Be7 11. Bf4 h6 12. exd5 exd5 13. O-O-O O-O {1-0 (59) Kollars,D (2505)-Uksini,B (2330) Hamburg 2016}) 11. f3 Nd7 12. b3 Bb4 13. Bd2 Nc5 14. Be2 dxe4 (14... Ba5 $14) 15. a3 $16 e3 16. axb4 exd2+ 17. Kxd2 Rxb4 18. Rxa7 Rb7 19. Ra5 Nd7 20. Rh4 Ke7 21. Rc4 Rd8 22. Ke3 Rb6 23. Ra7 Rb7 24. Ra1 Nb8 25. Bd3 h6 26. Be4 Bd7 27. f4 Be8 28. Ra8 Rc8 29. Na4 Rcc7 ({Black should try} 29... f5 $14) 30. Nc5 $18 Rb6 31. b4 Kd8 32. Nb3 (32. Bf3 $18) 32... Kc8 $16 33. Nc5 (33. Ra5 $16) 33... Kd8 $1 $18 34. Bf3 Ke7 35. c3 $36 {[%mdl 2048] Black is under strong pressure.} Bd7 36. Nd3 ({White should play} 36. Rd4 $18) 36... Be8 $16 37. Ne5 f6 38. Nd3 Nd7 39. Nb2 Bf7 {[#]} (39... Bg6 $14) 40. Na4 $1 e5 41. Rc5 $1 exf4+ (41... Rb8 $16 42. Rxc6 Rxa8 43. Rxc7 Rxa4) 42. gxf4 $18 Nxc5 43. Nxb6 Nb7 44. Ra7 (44. Nc8+ $18 Kd7 45. c4) 44... Kd6 $2 {[%mdl 8192]} (44... Kd8 $16) 45. c4 Re7+ 46. Kd4 Kc7 47. c5 Re8 48. b5 Rd8+ 49. Kc3 Kb8 50. bxc6 {[%csl Gc6,Gf3][%cal Ra7b7]} Kxa7 51. cxb7 $2 {[%mdl 4096] Endgame KRB-KBN} (51. c7 $18) 51... Be6 $2 {[%mdl 8192] [#]} (51... g5 $1 $11) 52. Na4 $1 Bd5 $2 (52... Bg4) 53. c6 $2 (53. Bxd5 Rxd5 54. Kc4) 53... Kb8 $2 (53... Bxf3 54. c7 Rd3+ 55. Kxd3 Bxb7) 54. Nc5 {Intending Na6+ and mate.} Bxf3 55. gxf3 {White mates.} Re8 56. Kc4 h5 57. Kb5 Kc7 58. Na6+ Kd6 59. c7 {Precision: White = 45%, Black = 46%.} 1-0

[Event "RUS-chT Premier League 2018"]
[Site "Sochi"]
[Date "2018.05.08"]
[Round "7"]
[White "Triapishko, Alexandr"]
[Black "Bocharov, Ivan"]
[Result "0-1"]
[WhiteElo "2510"]
[BlackElo "2547"]
[Annotator "TA"]
[PlyCount "116"]
[EventDate "2018.??.??"]
[EventCountry "RUS"]
[SourceTitle "playchess.com"]
[Source "ChessBase"]
[SourceQuality "1"]

{[%evp 19,116,0,0,-2,-1,-6,-5,-6,0,0,0,-38,-8,-12,-12,-19,-15,-15,-19,-18,-16,-14,-21,-51,-42,-87,-85,-85,-90,-92,-90,-163,-138,-137,-122,-121,-118,-123,-122,-123,-116,-181,-177,-281,-141,-158,-161,-185,-183,-187,-202,-249,-136,-143,-163,-157,-143,-161,-137,-224,-216,-266,-253,-313,-313,-305,-295,-280,-271,-266,-227,-252,-264,-264,-257,-737,-679,-1221,-1125,-1071,-983,-2579,-2231,-1768,-1559,-5932,-5315,-5497,-2416,-29979,-29980,-29980,-29981,-29981,-29982,-29982,-29983,-29983,-29983]} 1. e4 e5 2. Nf3 Nf6 3. Nc3 Nc6 4. d4 exd4 5. Nxd4 Bb4 6. Nxc6 bxc6 7. Bd3 d5 8. exd5 cxd5 9. O-O O-O 10. a3 {C47: Scotch Four Knights and Four Knights with 4 g3} (10. Bg5 c6 11. Na4 h6 12. Bh4 Re8 13. c4 dxc4 14. Bxc4 Qxd1 15. Rfxd1 g5 16. Bg3 Ne4 17. a3 Bf8 18. Rac1 Nxg3 19. hxg3 Rb8 20. b4 Bf5 21. Bd3 Bxd3 22. Rxd3 {½-½ (36) Artemiev,V (2691)-Carlsen,M (2837) Riadh 2017}) 10... Bd6 {LiveBook: 3 Games} 11. Nb5 Be5 12. f4 $1 {[%cal Rf4e5] The position is equal.} Bd6 13. b4 {[%cal Bb2b4,Bb4b5][%mdl 32] [#]} a5 $146 ({Predecessor:} 13... Be7 14. Nd4 Bd7 15. Nb3 Re8 16. Qf3 a5 17. Nxa5 Ne4 {0-1 (58) Uifelean,A (2243)-Voiculescu,C (2547) ICCF email 2011}) 14. Nxd6 Qxd6 15. b5 Re8 16. Qf3 c5 $36 {[%mdl 2048] White must now prevent ...c4. Black has good play.} 17. bxc6 $1 Ba6 18. Bb2 Ne4 19. Qe3 Qxc6 20. Qd4 {[%csl Gb2][%cal Rd4g7]} f6 21. Bxa6 Rxa6 {[%cal Ba8a6,Ba6b6,Bb6b5,Bb5c5,Bc5c2][%mdl 32]} 22. Rad1 Rb6 (22... Qxc2 $6 23. Qxd5+ Kh8 24. Qd3 $11) 23. Ba1 Rb5 24. Qd3 Rc5 25. h3 (25. Rfe1 $17 {was worth a try.}) 25... Rxc2 $19 26. Kh2 Nd6 27. Qxd5+ Qxd5 28. Rxd5 Nc4 {Hoping for ...Ne3.} 29. Rg1 a4 30. Rd4 (30. Rd3 $17 {was called for.}) 30... Ree2 $1 31. Kg3 (31. Kh1 {was necessary.}) 31... Red2 (31... Re3+ $19 32. Kh2 Rxa3 33. Rd8+ Kf7) 32. Rxd2 Rxd2 $17 {[%mdl 4096] Endgame KRB-KRN} 33. Rc1 Nxa3 34. Rc8+ Kf7 35. f5 {intending Rc7+.} Nc2 (35... Nb5 $1 $19 {Threatens to win with ...Rd1.} 36. Rc5 Rd3+ 37. Kf4 Rb3) 36. Rc7+ Ke8 37. Bc3 Rd7 38. Rc8+ Kf7 39. Bb2 (39. Kf2 $17) 39... Ne3 $19 40. Rc5 {[#]} Rd3 $1 41. Rc7+ Ke8 42. Kf4 Nxg2+ 43. Ke4 Re3+ ({But not} 43... Rxh3 44. Rxg7 Re3+ 45. Kd5 $17) 44. Kd4 Re7 ({Less strong is} 44... Rxh3 45. Rxg7 Nh4 46. Kd5 $17) 45. Rc8+ Kf7 46. Ba3 {[#]} Re8 $1 {[%cal Re8c8]} 47. Rxe8 $2 (47. Rc7+ Kg8 48. Rc4) 47... Kxe8 {KB-KN} 48. Ke4 Kf7 49. Bb4 g6 50. fxg6+ hxg6 51. Kf3 Nh4+ 52. Kg4 Nf5 53. Bc5 Ke6 54. h4 Kd5 {Black mates.} 55. Bf8 Ke4 56. h5 Ne3+ 57. Kh4 gxh5 58. Kxh5 Nc2 {Precision: White = 47%, Black = 77%.} 0-1

[Event "RUS-chT Premier League 2018"]
[Site "Sochi"]
[Date "2018.05.08"]
[Round "7"]
[White "Khanin, Semen"]
[Black "Chernobay, Artem"]
[Result "1-0"]
[WhiteElo "2477"]
[BlackElo "2510"]
[Annotator "TA"]
[PlyCount "65"]
[EventDate "2018.??.??"]
[EventCountry "RUS"]
[SourceTitle "playchess.com"]
[Source "ChessBase"]
[SourceQuality "1"]

{[%evp 10,65,38,24,74,74,74,69,71,66,75,73,85,86,102,83,127,124,147,156,152,129,136,116,214,206,208,186,249,206,297,298,313,183,177,191,186,190,188,186,175,114,179,145,124,62,76,63,142,137,242,244,276,276,276,278,1224,1190]} 1. e4 e5 2. Nf3 Nc6 3. Bb5 a6 4. Ba4 d6 5. O-O Bd7 6. c4 {LiveBook: 88 Games} g5 {[%cal Bg7g5,Bg5g4][%mdl 32] C72: Ruy Lopez: Deferred Steinitz: 5 0-0} 7. d4 {[%cal Bd2d4,Bd4d5][%mdl 32]} (7. Bxc6 bxc6 8. d4 g4 9. Ne1 exd4 10. Qxd4 Qf6 11. Qd2 Bg7 12. Nc3 Ne7 13. Nd3 Ng6 14. Qe2 {0-1 (27) Hansen,E (2629)-Mamedyarov,S (2804) chess.com INT 2018}) 7... g4 8. d5 $1 {[%cal Rd5c6]} Nce7 $146 {White is slightly better.} ({Predecessor:} 8... gxf3 9. dxc6 bxc6 10. Qxf3 c5 11. Bxd7+ Qxd7 12. Nc3 Ne7 13. Bg5 c6 14. Rae1 {1-0 (35) Stoere,T-Schroll,G ICCF corr 1990}) 9. Bxd7+ Qxd7 10. Nh4 Bg7 11. f3 h5 12. fxg4 hxg4 13. g3 $1 b5 14. Nc3 b4 15. Ne2 Rb8 16. a3 b3 (16... a5 $16) 17. Be3 Bh6 18. Qd3 f6 (18... c6 {was called for.} 19. Rac1 cxd5) 19. Rac1 Bg5 (19... Bxe3+ $142 20. Qxe3 c6) 20. Bxg5 $18 fxg5 21. Nf5 (21. Ng2 $142) 21... Nxf5 22. Rxf5 Qh7 23. Rf2 Nf6 {[#]} 24. Nc3 $1 {[%cal Be2c3,Bc3d1,Bd1e3,Be3f5,Bf5e7][%mdl 32]} ({Stronger than} 24. Rxf6 Qxh2+ 25. Kf1 Qh1+ 26. Kf2 Rh2+ 27. Ke3 Rxe2+ 28. Qxe2 Qxc1+ 29. Kd3 Qb1+ 30. Kc3 Qc1+ 31. Kd3 Qb1+ 32. Kc3 Qc1+ 33. Kd3 $11) 24... Nd7 25. Rcf1 (25. Na4 $18) 25... Ke7 (25... Nc5 $16 26. Qd2 Qh5) 26. Qe2 Rbf8 27. Qxg4 (27. Rxf8 $16 Nxf8 28. Na4) 27... Qh6 28. Nd1 $36 {[%mdl 2048] White has some pressure.} Rf6 (28... Rxf2 $14 29. Rxf2 Kd8) 29. Ne3 $16 {Threatens to win with Nf5+.} Kd8 (29... Rxf2 $16 30. Rxf2 Kd8) 30. Nf5 $18 Qg6 31. Rf3 Qh7 {[%csl Gh8][%cal Rh7h2] [#]} 32. R1f2 $1 Nc5 $2 {[#]} (32... Qh5 33. Qxh5 Rxh5 34. Rxb3 Rf7) 33. Ne7 $1 {[%mdl 512] Precision: White = 78%, Black = 25%.} 1-0